Tules y sirenas : el impacto ecológico y cultural de la industrialización en el Alto Lerma /

Na minha lista:
Detalhes bibliográficos
Formato: Livro
Idioma:espanhol
Publicado em: Toluca, México : El Colegio Mexiquense : Gobierno del Estado de México, 1995, c1995
Assuntos:
Tags: Adicionar Tag
Sem tags, seja o primeiro a adicionar uma tag!

MARC

LEADER 00000nam^a2200000^a^4500
001 000118417
005 20250521000000.0
009 20260310094240.715
020 |a 968-6341-55-2 
037 |a Acervo ITESO - Biblioteca 
041 |a ESP 
082 |a 307. 720972523  |b ALB 
245 1 0 |a Tules y sirenas :  |b el impacto ecológico y cultural de la industrialización en el Alto Lerma /  |c B.A. Albores Zárate. 
264 4 |a Toluca, México :  |b El Colegio Mexiquense :  |b Gobierno del Estado de México,  |c 1995, c1995 
300 |a 478 p. 
336 |a texto  |b txt  |2 rdacontenido 
337 |a sin mediación  |b n  |2 rdamedio 
338 |a volumen  |b nc  |2 rdasoporte 
649 |a XX 
650 |a Lerma (Río) 
650 |a Ríos -  |z México 
650 |a Industrialización -  |z México 
650 |a Contaminación Ambiental 
650 |a Impacto Ambiental 
650 |a Conservación y Protección Ambiental 
650 |a Ecología Acuática 
650 |a Ingeniería Industrial 
650 |a Desarrollo Rural 
650 |a Antropología Cultural 
910 |a Fondo General 
920 |a Impresos - Libros 
930 |a Colección General 
905 |a 101 
901 |a 0500053364  |b IT1  |c ACC  |u 20250521 
902 |a https://opac.biblio.iteso.mx/vufind/Record/000118417